000 00441nam a2200193Ia 4500
003 STCL
008 221019s9999 xx 000 0 und d
020 _a9780674410947
040 _aSTCL
_cSTCL
_bEN
082 _222
100 _aDoron, Assa
100 _aJeffrey, Robin
245 0 _aWaste of a nation
260 _bHarvard University
_aLondon
_c2018
300 _a393 p
365 _b799
546 _aEnglish
942 _cBK
_2DDC
_e22
999 _c88079
_d88079